Statistics for Super Smash Bros. Melee - Tile Select

Click here to take the quiz!

General Stats

  • This quiz has been taken 67 times
    (16 since last reset)
  • The average score is 52 of 60

Answer Stats

QuestionTileSelect% Correct
stages that typically are tournament legalBattlefieldYes
100%
series of tournaments that at some point had over 1000 entrantsB.E.A.S.TNo
100%
stages that typically are tournament legalCorneriaNo
100%
characters that have won a major tournament without secondariesFoxYes
100%
series of tournaments that at some point had over 1000 entrantsGenesisYes
100%
EVO championsHugSNo
100%
stages that typically are tournament legalHyrule TempleNo
100%
characters that have won a major tournament without secondariesJigglypuffYes
100%
stages that typically are tournament legalKongo JungleNo
100%
players who primarily played FoxLeffenYes
100%
players who primarily played FoxllodNo
100%
characters that have won a major tournament without secondariesLuigiNo
100%
players who primarily played Foxn0neNo
100%
EVO championsPlupNo
100%
series of tournaments that at some point had over 1000 entrantsPoundNo
100%
stages that typically are tournament legalRainbow CruiseNo
100%
players who primarily played FoxaMSaNo
94%
EVO championsArmadaYes
94%
EVO championsAzenNo
94%
EVO championsChuDatNo
94%
series of tournaments that at some point had over 1000 entrantsEVOYes
94%
characters that have won a major tournament without secondariesFalcoYes
94%
stages that typically are tournament legalFinal DestinationYes
94%
EVO championsHungryboxYes
94%
players who primarily played FoxKenNo
94%
EVO championsMangoYes
94%
characters that have won a major tournament without secondariesMarthYes
94%
series of tournaments that at some point had over 1000 entrantsParagonNo
94%
stages that typically are tournament legalPoké FloatsNo
94%
stages that typically are tournament legalPokémon StadiumYes
94%
EVO championsPPMDNo
94%
series of tournaments that at some point had over 1000 entrantsRevival of MeleeNo
94%
characters that have won a major tournament without secondariesSamusNo
94%
series of tournaments that at some point had over 1000 entrantsSuper Smash ConYes
94%
EVO championsZainNo
94%
stages that typically are tournament legalFountain of DreamsYes
88%
players who primarily played FoxGingerNo
88%
players who primarily played FoxiBDWYes
88%
series of tournaments that at some point had over 1000 entrantsThe Big HouseYes
88%
stages that typically are tournament legalDream Land N64Yes
81%
EVO championsLeffenYes
81%
players who primarily played FoxMokyYes
81%
characters that have won a major tournament without secondariesSheikYes
81%
characters that have won a major tournament without secondariesYoshiYes
81%
players who primarily played FoxZainNo
81%
characters that have won a major tournament without secondariesCaptain FalconYes
75%
players who primarily played FoxChillindudeYes
75%
series of tournaments that at some point had over 1000 entrantsCEONo
69%
players who primarily played FoxHax$Yes
69%
characters that have won a major tournament without secondariesIce climbersNo
69%
EVO championsKenYes
69%
EVO championsMew2KingNo
69%
characters that have won a major tournament without secondariesPeachYes
69%
players who primarily played FoxPipsqueakYes
69%
series of tournaments that at some point had over 1000 entrantsApexYes
63%
characters that have won a major tournament without secondariesPikachuYes
63%
series of tournaments that at some point had over 1000 entrantsSmash 'N' SplashNo
63%
stages that typically are tournament legalYoshi's StoryYes
63%
stages that typically are tournament legalYoshi's IslandNo
44%
series of tournaments that at some point had over 1000 entrantsShineYes
31%

Score Distribution

Percentile by Number Answered

Percent of People with Each Score

Your Score History

You have not taken this quiz since the last reset